| 000 -LEADER |
| fixed length control field |
01043pab a2200181 454500 |
| 008 - FIXED-LENGTH DATA ELEMENTS--GENERAL INFORMATION |
| fixed length control field |
180718b1999 xxu||||| |||| 00| 0 eng d |
| 100 ## - MAIN ENTRY--PERSONAL NAME |
| Personal name |
Bhardwaj, H.R. |
| 245 ## - TITLE STATEMENT |
| Title |
Parliamentary privilege and corruption in public life |
| 260 ## - PUBLICATION, DISTRIBUTION, ETC. |
| Date of publication, distribution, etc. |
1999 |
| 300 ## - PHYSICAL DESCRIPTION |
| Extent |
p.675-683. |
| 362 ## - DATES OF PUBLICATION AND/OR SEQUENTIAL DESIGNATION |
| Dates of publication and/or sequential designation |
Oct-Dec |
| 520 ## - SUMMARY, ETC. |
| Summary, etc. |
Starting off with a survey of contributions of UK (the country on which our parliamentary system is broadly patterned) on checking corruption in public life, the author focuses on parliamentary privileges and law of corruption. Drawing from issues thrown up in decisions taken in certain recent cases in UK, Australia and India (Narasimha Rao M.P. Bribery case), particularly identifying weaknesses in law in India, the author analytically examines the corrective measures that are needed and prescribes a package of action plan in this direction. - Reproduced |
| 650 ## - SUBJECT ADDED ENTRY--TOPICAL TERM |
| Topical term or geographic name entry element |
Legislative bodies - Privileges and immunities |
| 650 ## - SUBJECT ADDED ENTRY--TOPICAL TERM |
| Topical term or geographic name entry element |
Corruption |
| 773 ## - HOST ITEM ENTRY |
| Main entry heading |
Indian Journal of Public Administration |
| 908 ## - PUT COMMAND PARAMETER (RLIN) |
| Put command parameter |
N |
| 909 ## - |
| -- |
44051 |